000 00692nam a2200229Ia 4500
003 OSt
005 20241003122928.0
008 210210b1980 xxu||||| |||| 00| 0 eng d
040 _cAL
041 _aKannada
082 _aK894.9 SITT
100 _aSITARAMAYYA (V), Ed.
_dವಿ.ಸೀತಾರಾಮಯ್ಯ
_9157947
245 _aTirumalarya
_b ತಿರುಮಲಾರ್ಯ
260 _aBengaluru
_bAi Bi Ech Prakashana
_c1980
300 _aiv,172
440 _a17
_9157948
650 _aKavi Kavya Parampare
_9157949
690 _aKannada Criticism
_9157950
700 _aSuryanatha Kamath
_dಸೂರ್ಯನಾಥ ಕಾಮತ್
_9157951
906 _a035023
942 _2ddc
_cBK
999 _c85680
_d85680